Parallel solution of integral equation-based EM problems in the frequency domain (E-Book) (Record no. 193181)
[ view plain ]
| 000 -LEADER | |
|---|---|
| fixed length control field | 01773 a2200313 4500 |
| 003 - CONTROL NUMBER IDENTIFIER | |
| control field | Nust |
| 005 - DATE AND TIME OF LATEST TRANSACTION | |
| control field | 20170207154052.0 |
| 010 ## - LIBRARY OF CONGRESS CONTROL NUMBER | |
| LC control number | 2009001799 |
| 020 ## - INTERNATIONAL STANDARD BOOK NUMBER | |
| International Standard Book Number | 0470405457 (cloth) |
| 020 ## - INTERNATIONAL STANDARD BOOK NUMBER | |
| International Standard Book Number | 9780470405451 (cloth) |
| 035 ## - SYSTEM CONTROL NUMBER | |
| System control number | (OCoLC)ocn277196639 |
| 040 ## - CATALOGING SOURCE | |
| Transcribing agency | Nust |
| 082 00 - DEWEY DECIMAL CLASSIFICATION NUMBER | |
| Classification number | 537.015118 |
| 100 1# - MAIN ENTRY--PERSONAL NAME | |
| Personal name | Yu Zhang, Tapan K. Sarkar . |
| 245 10 - TITLE STATEMENT | |
| Title | Parallel solution of integral equation-based EM problems in the frequency domain (E-Book) |
| Statement of responsibility, etc. | Yu Zhang, Tapan K. Sarkar . |
| 260 ## - PUBLICATION, DISTRIBUTION, ETC. | |
| Place of publication, distribution, etc. | Hoboken, N.J. : |
| Name of publisher, distributor, etc. | Wiley : |
| -- | IEEE Press, |
| Date of publication, distribution, etc. | c2009. |
| 300 ## - PHYSICAL DESCRIPTION | |
| Extent | xx, 341 p. : |
| Other physical details | ill. ; |
| Dimensions | 25 cm. |
| 490 1# - SERIES STATEMENT | |
| Series statement | Wiley series in microwave and optical engineering |
| 505 0# - FORMATTED CONTENTS NOTE | |
| Formatted contents note | In-core and out-of-core LU factorization for solving a matrix equation -- A parallel MoM code using RWG basis functions and ScaLAPACK-based in-core and out-of-core solvers -- A parallel MoM code using higher-order basis functions and ScaLAPACK-based in-core and out-of-core solvers -- Tuning the performance of a parallel integral equation solver -- Refinement of the solution using the iterative conjugate gradient method -- A parallel MoM code using higher-order basis functions and PLAPACK-based in-core and out-of-core solvers -- Applications of the parallel frequency-domain integral equation solver : TIDES. |
| 650 #0 - SUBJECT ADDED ENTRY--TOPICAL TERM | |
| Topical term or geographic name entry element | Electromagnetic fields |
| General subdivision | Mathematical models. |
| 650 #0 - SUBJECT ADDED ENTRY--TOPICAL TERM | |
| Topical term or geographic name entry element | Electromagnetic waves |
| General subdivision | Mathematical models. |
| 650 #0 - SUBJECT ADDED ENTRY--TOPICAL TERM | |
| Topical term or geographic name entry element | Electromagnetism |
| General subdivision | Data processing. |
| 650 #0 - SUBJECT ADDED ENTRY--TOPICAL TERM | |
| Topical term or geographic name entry element | Integral domains. |
| 650 #0 - SUBJECT ADDED ENTRY--TOPICAL TERM | |
| Topical term or geographic name entry element | Parallel processing (Electronic computers) |
| 650 #0 - SUBJECT ADDED ENTRY--TOPICAL TERM | |
| Topical term or geographic name entry element | Time-domain analysis. |
| 651 ## - SUBJECT ADDED ENTRY--GEOGRAPHIC NAME | |
| Geographic name | Parallel solution of integral equation-based EM problems in the frequency domain (E-Book) |
| 700 1# - ADDED ENTRY--PERSONAL NAME | |
| Personal name | Sarkar, Tapan |
| 830 #0 - SERIES ADDED ENTRY--UNIFORM TITLE | |
| Uniform title | Wiley series in microwave and optical engineering. |
| 942 ## - ADDED ENTRY ELEMENTS (KOHA) | |
| Source of classification or shelving scheme | |
| Koha item type | Book |
| Withdrawn status | Lost status | Source of classification or shelving scheme | Damaged status | Not for loan | Collection code | Permanent Location | Current Location | Date acquired | Total Checkouts | Full call number | Barcode | Date last seen | Price effective from | Koha item type |
|---|---|---|---|---|---|---|---|---|---|---|---|---|---|---|
| Military College of Signals (MCS) | Military College of Signals (MCS) | 12/12/2016 | 537.015118 ZHA | MCSEB-2889 | 12/08/2016 | 12/12/2016 | Book |
